000 00588nam a2200217Ia 4500
003 OSt
005 20221007074905.0
006 a|||||r|||| 00| 0
007 ta
008 221006b |||||||| |||| 00| 0 eng d
024 _a1,160
037 _cTextual
040 _aFLL
_cFLL
_beng
041 _2eng
_aeng
082 _aX:964:Z2, K1
100 _aRustamji R.F.
_9151516
245 0 _aLaw of Industrial Disputes in India
260 _aNew Delhi
_bAsia Publishing House India
_c1961
942 _hX:964:Z2, K1
_cTEXL
_2CC
999 _c1154050
_d1154050